000 00565nam a2200229Ia 4500
003 OSt
005 20220923230318.0
006 a|||||r|||| 00| 0
007 ta
008 Pun
024 _a279,321
037 _cTextual
040 _aARTS
_cARTS
_bPun
041 _2Pun
_aPun
082 _aO153,1N38x, L6
100 _aਮੋਹਨਜੀਤ
_9156280
245 0 _aਵਰਵਰੀਕ
260 _c1976
650 _aਪੰਜਾਬੀ ਸਾਹਿਤ
942 _hO153,1N38x, L6
_cTEXL
_2CC
999 _c383864
_d383864